000 00964nam0a22002891 4500
001 RU\INFOCOMM_322\NLR\5000079104
005 20250613102537.0
035 _a(NLR Aleph) 009445940
090 _a8374848
_c8374848
100 _a20121129d1969 |||y0rusy50 ca
101 0 _aeng
102 _aRU
105 _ay z |||||
200 1 _aˆ[‰Papers]
_fInternational union of scientific psychology. XVIII International congress of psychology, 4-11 Aug. 1966, Moscow
210 _aM.
_c"Наука"
_d1969
215 _a193, [5] с.
_d20 см
320 _aБиблиогр.: с. 165-168
606 _aПсихология
_xСъезды, совещания и т. п.
_2nlr_sh1
620 _aМосква
686 _aПс50
_2rubbk
686 _aЮ9я431
_2rubbk
710 1 2 _aInternational congress of psychology
_d18
_eMoscow
_f1966
_4070
801 1 _aRU
_bNLR
_c20121129
801 0 _aRU
_bINFOCOMM
_gPSBO
852 _aNLR
_jПс01 Д-3/28
942 _cBOOK
980 _aNB